Quality management in the apparel industry / (Record no. 862)
[ view plain ]
| 000 -LEADER | |
|---|---|
| fixed length control field | 00399nam a22001457a 4500 |
| 003 - CONTROL NUMBER IDENTIFIER | |
| control field | BD-DhBUF |
| 005 - DATE AND TIME OF LATEST TRANSACTION | |
| control field | 20230306122156.0 |
| 008 - FIXED-LENGTH DATA ELEMENTS--GENERAL INFORMATION | |
| fixed length control field | 191105b ||||| |||| 00| 0 eng d |
| 040 ## - CATALOGING SOURCE | |
| Original cataloging agency | BD-DhBUF |
| Transcribing agency | BD-DhBUF |
| 245 ## - TITLE STATEMENT | |
| Title | Quality management in the apparel industry / |
| Statement of responsibility, etc. | by A.J.S.M Khaled |
| 260 ## - PUBLICATION, DISTRIBUTION, ETC. | |
| Place of publication, distribution, etc. | Dhaka : |
| Name of publisher, distributor, etc. | A.J.S.M Khaled, |
| Date of publication, distribution, etc. | 2004 |
| 526 ## - STUDY PROGRAM INFORMATION NOTE | |
| Program name | AMT |
| 650 ## - SUBJECT ADDED ENTRY--TOPICAL TERM | |
| Topical term or geographic name entry element | Apparel |
| Form subdivision | industry |
| 9 (RLIN) | 748 |
| 942 ## - ADDED ENTRY ELEMENTS (KOHA) | |
| Source of classification or shelving scheme | Dewey Decimal Classification |
| Koha item type | Books |
| Withdrawn status | Lost status | Source of classification or shelving scheme | Damaged status | Not for loan | Collection code | Home library | Current library | Shelving location | Date acquired | Total Checkouts | Full call number | Barcode | Date last seen | Date last checked out | Copy number | Price effective from | Koha item type |
|---|---|---|---|---|---|---|---|---|---|---|---|---|---|---|---|---|---|
| Dewey Decimal Classification | Non-fiction | BUFT Library | BUFT Library | General Stacks | 11/16/2008 | 1 | 658.4013 K451q 2004 | 2008-0365 | 08/16/2022 | 11/05/2019 | C-1 | 11/05/2019 | Books | ||||
| Dewey Decimal Classification | Non-fiction | BUFT Library | BUFT Library | General Stacks | 11/16/2008 | 1 | 658.4013 K451q 2004 | 2008-0366 | 11/29/2021 | 03/16/2020 | C-2 | 11/05/2019 | Books | ||||
| Dewey Decimal Classification | BUFT Library | BUFT Library | 12/13/2009 | 658.4013 K451q 2004 | 2009-0305 | 04/05/2022 | C-3 | 04/05/2022 | Books |
